[Event "Open A"]
[Site "Dortmund, Germany"]
[Date "2024.08.10"]
[Round "1.9"]
[White "Samadov, Read"]
[Black "Dornieden, Jonas"]
[Result "1-0"]
[WhiteElo "2509"]
[BlackElo "2075"]
[PlyCount "71"]
[EventDate "2024.??.??"]

1. d4 {[%emt 0:00:03]} d5 {[%emt 0:00:08]} 2. c4 {[%emt 0:00:07]} e6 {[%emt 0:00:08]} 3. Nf3 {[%emt 0:00:18]} Nf6 {[%emt 0:00:19]} 4. Nc3 {[%emt 0:00:24]} a6 {[%emt 0:00:21]} 5. cxd5 {[%emt 0:01:11]} exd5 {[%emt 0:00:08]} 6. Bg5 {[%emt 0:00:15]} Be6 {[%emt 0:01:32]} 7. e3 {[%emt 0:00:44]} Nbd7 {[%emt 0:00:49]} 8. Bd3 {[%emt 0:00:48]} Bd6 {[%emt 0:01:39]} 9. h3 {[%emt 0:03:06]} c6 {[%emt 0:01:20]} 10. Bf4 {[%emt 0:01:16]} Qc7 {[%emt 0:00:56]} 11. Qd2 {[%emt 0:01:35]} O-O {[%emt 0:02:58]} 12. O-O {[%emt 0:01:37]} Nh5 {[%emt 0:08:29]} 13. Bxd6 {[%emt 0:01:28]} Qxd6 {[%emt 0:00:09]} 14. Rac1 {[%emt 0:05:57]} Rfe8 {[%emt 0:03:32]} 15. a3 {[%emt 0:05:28]} a5 {[%emt 0:07:14]} 16. Na4 {[%emt 0:08:12]} g6 {[%emt 0:04:14]} 17. Nc5 {[%emt 0:03:01]} b6 {[%emt 0:07:27]} 18. Nxd7 {[%emt 0:02:22]} Bxd7 {[%emt 0:01:02]} 19. Ne5 {[%emt 0:05:04]} Rxe5 {[%emt 0:05:30]} 20. dxe5 {[%emt 0:00:07]} Qxe5 {[%emt 0:00:07]} 21. Be2 {[%emt 0:06:07]} Ng7 {[%emt 0:04:25]} 22. Rfd1 {[%emt 0:04:08]} Re8 {[%emt 0:08:30]} 23. Qd4 {[%emt 0:08:26]} Qb8 {[%emt 0:06:01]} 24. Bg4 {[%emt 0:04:42]} f5 {[%emt 0:03:11]} 25. Bf3 {[%emt 0:01:07]} Re5 {[%emt 0:09:00]} 26. b4 {[%emt 0:02:13]} Ne6 {[%emt 0:02:40]} 27. Qh4 {[%emt 0:02:16]} axb4 {[%emt 0:02:27]} 28. axb4 {[%emt 0:01:15]} Qf8 {[%emt 0:00:52]} 29. b5 {[%emt 0:03:37]} Nc5 {[%emt 0:14:14]} 30. bxc6 {[%emt 0:01:30]} Bxc6 {[%emt 0:00:10]} 31. Qb4 {[%emt 0:01:13]} Qd8 {[%emt 0:02:53]} 32. Rb1 {[%emt 0:01:26]} Na4 {[%emt 0:03:07]} 33. Rdc1 {[%emt 0:00:51]} Be8 {[%emt 0:00:29]} 34. Qd4 {[%emt 0:00:38]} Qd6 {[%emt 0:00:50]} 35. Rc8 {[%emt 0:00:18]} Nc5 {[%emt 0:00:38]} 36. Rxb6 {[%emt 0:00:19]} 1-0

[Event "Open A"]
[Site "Dortmund, Germany"]
[Date "2024.08.10"]
[Round "1.10"]
[White "Sommer, Justus"]
[Black "Zwirs, Nico"]
[Result "0-1"]
[WhiteElo "2075"]
[BlackElo "2467"]
[PlyCount "48"]
[EventDate "2024.??.??"]

1. e4 {[%emt 0:00:05]} c5 {[%emt 0:00:04]} 2. Nf3 {[%emt 0:00:12]} d6 {[%emt 0:00:14]} 3. Bb5+ {[%emt 0:00:22]} Bd7 {[%emt 0:01:31]} 4. Bxd7+ {[%emt 0:00:16]} Nxd7 {[%emt 0:00:13]} 5. c4 {[%emt 0:03:30]} Ngf6 {[%emt 0:00:46]} 6. Nc3 {[%emt 0:00:45]} Ne5 {[%emt 0:03:28]} 7. Nxe5 {[%emt 0:15:52]} dxe5 {[%emt 0:00:05]} 8. Nd5 {[%emt 0:00:44]} Nd7 {[%emt 0:01:59]} 9. d3 {[%emt 0:06:00]} e6 {[%emt 0:00:26]} 10. Ne3 Be7 {[%emt 0:01:59]} 11. b3 {[%emt 0:04:23]} Nb8 12. Bb2 {[%emt 0:04:12]} Nc6 {[%emt 0:02:10]} 13. O-O {[%emt 0:00:15]} O-O {[%emt 0:07:56]} 14. Qg4 {[%emt 0:12:28]} g6 15. Rad1 {[%emt 0:13:33]} Nd4 {[%emt 0:09:21]} 16. Bxd4 Qxd4 17. Qe2 {[%emt 0:08:15]} Rad8 18. Rfe1 {[%emt 0:10:19]} Rd7 19. Qf3 {[%emt 0:20:31]} Kg7 {[%emt 0:02:43]} 20. Qg3 {[%emt 0:01:57]} h5 {[%emt 0:01:38]} 21. Nc2 {[%emt 0:06:21]} Qb2 {[%emt 0:06:08]} 22. Re2 {[%emt 0:01:33]} h4 {[%emt 0:03:09]} 23. Qg4 {[%emt 0:01:35]} Qxa2 {[%emt 0:01:36]} 24. Nd4 {[%emt 0:02:49]} Qa3 0-1

[Event "Open A"]
[Site "Dortmund, Germany"]
[Date "2024.08.10"]
[Round "1.11"]
[White "Petrovskyi, Vadim"]
[Black "Rodriguez, Augustin"]
[Result "1-0"]
[WhiteElo "2440"]
[BlackElo "2079"]
[PlyCount "43"]
[EventDate "2024.??.??"]

1. e4 {[%emt 0:00:14]} c5 {[%emt 0:00:12]} 2. Nf3 {[%emt 0:00:17]} e6 {[%emt 0:00:10]} 3. d4 {[%emt 0:01:47]} cxd4 {[%emt 0:00:08]} 4. Nxd4 {[%emt 0:00:03]} Nf6 {[%emt 0:00:21]} 5. Nc3 {[%emt 0:00:48]} Nc6 {[%emt 0:00:08]} 6. Ndb5 {[%emt 0:01:26]} Bc5 {[%emt 0:00:35]} 7. Nd6+ {[%emt 0:02:18]} Ke7 {[%emt 0:00:10]} 8. Bf4 {[%emt 0:00:10]} e5 {[%emt 0:00:07]} 9. Nf5+ {[%emt 0:00:05]} Kf8 {[%emt 0:00:11]} 10. Bg5 {[%emt 0:00:07]} d6 {[%emt 0:00:24]} 11. Ne3 {[%emt 0:00:10]} Be6 {[%emt 0:11:05]} 12. Ned5 {[%emt 0:18:41]} Bxd5 {[%emt 0:06:41]} 13. exd5 {[%emt 0:00:26]} Ne7 {[%emt 0:08:44]} 14. Qf3 {[%emt 0:13:22]} Ng6 {[%emt 0:41:43]} 15. Ne4 {[%emt 0:07:28]} Qa5+ {[%emt 0:00:08]} 16. Bd2 {[%emt 0:00:27]} Qb6 {[%emt 0:01:52]} 17. Nxf6 {[%emt 0:01:28]} gxf6 {[%emt 0:01:51]} 18. Qxf6 {[%emt 0:02:08]} Qxb2 {[%emt 0:00:55]} 19. Bd3 {[%emt 0:00:38]} Qxa1+ {[%emt 0:03:16]} 20. Ke2 {[%emt 0:00:05]} Qd4 {[%emt 0:05:59]} 21. Bh6+ {[%emt 0:00:14]} Ke8 {[%emt 0:00:09]} 22. Bb5# {[%emt 0:00:04]} 1-0

[Event "Open A"]
[Site "Dortmund, Germany"]
[Date "2024.08.10"]
[Round "1.12"]
[White "Bungarten, Jona"]
[Black "Vaganian, Rafael A"]
[Result "0-1"]
[WhiteElo "2073"]
[BlackElo "2452"]
[PlyCount "46"]
[EventDate "2024.??.??"]

1. e4 {[%emt 0:00:03]} c6 {[%emt 0:00:41]} 2. d4 {[%emt 0:00:13]} d5 {[%emt 0:00:07]} 3. exd5 {[%emt 0:00:06]} cxd5 {[%emt 0:00:08]} 4. c4 {[%emt 0:00:04]} Nf6 {[%emt 0:00:39]} 5. Nc3 {[%emt 0:00:16]} e6 {[%emt 0:00:22]} 6. Nf3 {[%emt 0:00:36]} Bb4 {[%emt 0:02:46]} 7. a3 {[%emt 0:02:15]} Bxc3+ {[%emt 0:00:19]} 8. bxc3 {[%emt 0:00:02]} Qc7 {[%emt 0:05:37]} 9. c5 {[%emt 0:12:06]} b6 {[%emt 0:04:21]} 10. cxb6 {[%emt 0:00:31]} axb6 {[%emt 0:00:06]} 11. Bb2 {[%emt 0:05:49]} Nbd7 {[%emt 0:03:03]} 12. Rc1 {[%emt 0:02:34]} Ba6 {[%emt 0:00:15]} 13. Bxa6 {[%emt 0:01:29]} Rxa6 {[%emt 0:00:07]} 14. c4 {[%emt 0:14:40]} dxc4 {[%emt 0:00:18]} 15. Qb3 {[%emt 0:00:20]} b5 {[%emt 0:11:57]} 16. Qxb5 {[%emt 0:00:43]} Rb6 {[%emt 0:00:16]} 17. Qa5 {[%emt 0:00:11]} Qb7 {[%emt 0:00:10]} 18. Bc3 {[%emt 0:05:31]} Qe4+ {[%emt 0:00:25]} 19. Kd1 {[%emt 0:01:36]} O-O {[%emt 0:03:32]} 20. Re1 {[%emt 0:03:10]} Qd3+ {[%emt 0:00:09]} 21. Nd2 {[%emt 0:00:37]} Nd5 {[%emt 0:01:09]} 22. Ba1 {[%emt 0:18:49]} c3 {[%emt 0:03:12]} 23. Bxc3 {[%emt 0:00:09]} Ra6 {[%emt 0:00:07]} 0-1

[Event "Open A"]
[Site "Dortmund, Germany"]
[Date "2024.08.10"]
[Round "1.13"]
[White "Gkoumas, Georgios"]
[Black "Linde, Wolfgang"]
[Result "1-0"]
[WhiteElo "2450"]
[BlackElo "2070"]
[PlyCount "81"]
[EventDate "2024.??.??"]

1. e4 {[%emt 0:00:03]} e5 {[%emt 0:00:07]} 2. Nf3 {[%emt 0:00:09]} Nc6 {[%emt 0:00:05]} 3. Bb5 {[%emt 0:00:09]} a6 {[%emt 0:00:11]} 4. Ba4 {[%emt 0:00:06]} Nf6 {[%emt 0:00:06]} 5. O-O {[%emt 0:00:14]} Be7 {[%emt 0:00:06]} 6. d3 {[%emt 0:00:09]} d6 {[%emt 0:00:31]} 7. c3 {[%emt 0:01:33]} O-O {[%emt 0:00:27]} 8. Re1 {[%emt 0:00:12]} b5 {[%emt 0:04:25]} 9. Bb3 {[%emt 0:01:28]} Na5 {[%emt 0:01:21]} 10. Bc2 {[%emt 0:00:06]} c5 {[%emt 0:00:15]} 11. Nbd2 {[%emt 0:00:29]} Nc6 {[%emt 0:00:46]} 12. Nf1 {[%emt 0:00:06]} h6 {[%emt 0:00:42]} 13. a4 {[%emt 0:00:37]} Bd7 {[%emt 0:01:14]} 14. Ng3 {[%emt 0:00:41]} Re8 {[%emt 0:00:42]} 15. h3 {[%emt 0:03:03]} Bf8 {[%emt 0:00:37]} 16. d4 {[%emt 0:03:31]} exd4 {[%emt 0:05:34]} 17. cxd4 {[%emt 0:00:31]} Nb4 {[%emt 0:01:02]} 18. Bb1 {[%emt 0:03:24]} bxa4 {[%emt 0:07:02]} 19. dxc5 {[%emt 0:12:03]} dxc5 {[%emt 0:07:55]} 20. e5 {[%emt 0:00:42]} Nfd5 {[%emt 0:01:42]} 21. Nf5 {[%emt 0:02:47]} Qb6 {[%emt 0:06:38]} 22. N3h4 {[%emt 0:10:51]} Rad8 {[%emt 0:15:57]} 23. Qg4 {[%emt 0:04:48]} g6 {[%emt 0:06:38]} 24. Bxh6 {[%emt 0:02:07]} Ne7 {[%emt 0:08:53]} 25. Qg5 {[%emt 0:06:38]} Bxf5 {[%emt 0:09:20]} 26. Bxf8 {[%emt 0:11:33]} Rxf8 {[%emt 0:02:53]} 27. Nxf5 {[%emt 0:00:46]} Nxf5 {[%emt 0:00:53]} 28. Bxf5 {[%emt 0:00:06]} Rd5 {[%emt 0:02:29]} 29. Re4 {[%emt 0:08:12]} Rfd8 {[%emt 0:07:37]} 30. Qh6 {[%emt 0:04:46]} Rd4 {[%emt 0:02:02]} 31. e6 {[%emt 0:05:01]} Rxe4 {[%emt 0:00:05]} 32. exf7+ {[%emt 0:00:28]} Kxf7 {[%emt 0:00:08]} 33. Bxe4 {[%emt 0:00:06]} Rd6 {[%emt 0:02:19]} 34. Re1 {[%emt 0:02:23]} Nd3 {[%emt 0:03:21]} 35. Bxd3 {[%emt 0:00:53]} Rxd3 {[%emt 0:00:06]} 36. Qh7+ {[%emt 0:00:04]} Kf8 {[%emt 0:01:00]} 37. Qh8+ {[%emt 0:00:43]} Kf7 {[%emt 0:00:04]} 38. Qe8+ {[%emt 0:00:13]} Kg7 {[%emt 0:00:52]} 39. Re7+ {[%emt 0:00:31]} Kf6 {[%emt 0:01:28]} 40. Qf8+ {[%emt 0:00:19]} Kg5 {[%emt 0:00:09]} 41. Re5+ {[%emt 0:00:15]} 1-0

[Event "Open A"]
[Site "Dortmund, Germany"]
[Date "2024.08.10"]
[Round "1.14"]
[White "Harutyunyan, Hovhannes"]
[Black "Stalmach, Richard"]
[Result "1/2-1/2"]
[WhiteElo "1992"]
[BlackElo "2443"]
[PlyCount "93"]
[EventDate "2024.??.??"]

1. d4 {[%emt 0:00:02]} Nf6 {[%emt 0:00:18]} 2. g3 {[%emt 0:00:04]} g6 {[%emt 0:00:36]} 3. Bg2 {[%emt 0:00:04]} Bg7 {[%emt 0:00:05]} 4. e4 {[%emt 0:00:04]} d6 {[%emt 0:00:22]} 5. Ne2 {[%emt 0:00:21]} O-O {[%emt 0:01:34]} 6. O-O {[%emt 0:00:05]} e5 {[%emt 0:02:44]} 7. d5 {[%emt 0:02:34]} a5 {[%emt 0:00:58]} 8. b3 {[%emt 0:01:20]} Na6 {[%emt 0:03:09]} 9. Ba3 {[%emt 0:02:05]} Nd7 {[%emt 0:02:39]} 10. Nbc3 {[%emt 0:03:09]} f5 {[%emt 0:02:29]} 11. f3 {[%emt 0:00:31]} h5 {[%emt 0:01:59]} 12. Bc1 {[%emt 0:05:20]} f4 {[%emt 0:02:03]} 13. Kh1 {[%emt 0:04:59]} Rf7 {[%emt 0:05:11]} 14. Rb1 {[%emt 0:04:00]} Nf8 {[%emt 0:03:34]} 15. gxf4 {[%emt 0:05:14]} exf4 {[%emt 0:00:17]} 16. Nd4 {[%emt 0:00:31]} g5 {[%emt 0:01:50]} 17. Nce2 {[%emt 0:01:34]} Ng6 {[%emt 0:00:22]} 18. Ne6 {[%emt 0:01:02]} Bxe6 {[%emt 0:02:04]} 19. dxe6 {[%emt 0:00:04]} Re7 {[%emt 0:00:26]} 20. Bh3 {[%emt 0:04:49]} Nc5 {[%emt 0:05:29]} 21. Nd4 {[%emt 0:02:57]} Be5 {[%emt 0:13:55]} 22. Nf5 {[%emt 0:05:03]} Re8 {[%emt 0:04:15]} 23. Nh6+ {[%emt 0:05:56]} Kg7 {[%emt 0:06:56]} 24. Nf7 {[%emt 0:00:07]} Qf6 {[%emt 0:01:47]} 25. Rg1 {[%emt 0:06:14]} Nxe6 {[%emt 0:00:14]} 26. Nxe5 {[%emt 0:04:27]} dxe5 {[%emt 0:02:02]} 27. Bb2 {[%emt 0:03:05]} Rad8 {[%emt 0:01:25]} 28. Qe1 {[%emt 0:00:49]} b6 {[%emt 0:01:22]} 29. Qc3 {[%emt 0:03:17]} c5 {[%emt 0:01:34]} 30. Qe1 {[%emt 0:07:14]} Kh6 {[%emt 0:02:29]} 31. Qf2 {[%emt 0:02:01]} g4 {[%emt 0:06:00]} 32. fxg4 {[%emt 0:03:47]} Ng5 {[%emt 0:00:05]} 33. Bf1 {[%emt 0:00:55]} Nxe4 {[%emt 0:00:38]} 34. Qe1 {[%emt 0:02:17]} Ng5 {[%emt 0:03:07]} 35. gxh5 {[%emt 0:01:22]} Kxh5 {[%emt 0:01:21]} 36. Bb5 {[%emt 0:01:26]} Nh4 {[%emt 0:01:39]} 37. Rd1 {[%emt 0:02:02]} Rg8 {[%emt 0:02:09]} 38. Bxe5 {[%emt 0:01:50]} Qe7 {[%emt 0:06:11]} 39. Be2+ {[%emt 0:05:50]} f3 {[%emt 0:00:37]} 40. Rxd8 {[%emt 0:00:06]} Qxd8 {[%emt 0:01:49]} 41. Bd1 {[%emt 0:00:25]} Nh3 {[%emt 0:01:27]} 42. Rxg8 {[%emt 0:03:29]} Qxg8 {[%emt 0:00:04]} 43. Bg3 {[%emt 0:00:21]} Qg4 {[%emt 0:07:22]} 44. Qe5+ {[%emt 0:01:31]} Nf5 {[%emt 0:01:03]} 45. Qe8+ {[%emt 0:03:01]} Kg5 {[%emt 0:01:54]} 46. Qg8+ {[%emt 0:01:09]} Kh5 {[%emt 0:00:04]} 47. Qe8+ {[%emt 0:01:27]} 1/2-1/2

[Event "Open A"]
[Site "Dortmund, Germany"]
[Date "2024.08.10"]
[Round "1.15"]
[White "Peyrer, Konstantin"]
[Black "Herrmann, Jakob"]
[Result "1-0"]
[WhiteElo "2425"]
[BlackElo "2065"]
[PlyCount "83"]
[EventDate "2024.??.??"]

1. Nf3 {[%emt 0:00:10]} d5 {[%emt 0:00:15]} 2. g3 {[%emt 0:00:12]} e6 {[%emt 0:00:08]} 3. Bg2 {[%emt 0:00:19]} Nf6 {[%emt 0:00:15]} 4. c4 {[%emt 0:00:05]} Be7 {[%emt 0:00:13]} 5. O-O {[%emt 0:00:29]} O-O {[%emt 0:00:16]} 6. b3 {[%emt 0:00:42]} b6 {[%emt 0:00:24]} 7. Bb2 {[%emt 0:01:17]} Bb7 {[%emt 0:00:55]} 8. d4 {[%emt 0:14:21]} Nbd7 {[%emt 0:06:52]} 9. Nc3 {[%emt 0:01:07]} c5 {[%emt 0:01:42]} 10. dxc5 {[%emt 0:00:46]} Nxc5 {[%emt 0:01:53]} 11. Ne5 {[%emt 0:14:55]} Nfe4 {[%emt 0:14:30]} 12. cxd5 {[%emt 0:03:44]} exd5 {[%emt 0:00:49]} 13. Nf3 {[%emt 0:24:47]} Bf6 {[%emt 0:11:13]} 14. Rc1 {[%emt 0:00:23]} Ne6 {[%emt 0:04:09]} 15. Nd2 {[%emt 0:08:37]} Nxc3 {[%emt 0:06:01]} 16. Bxc3 {[%emt 0:00:05]} Bxc3 {[%emt 0:00:18]} 17. Rxc3 {[%emt 0:00:04]} d4 {[%emt 0:00:24]} 18. Rc1 {[%emt 0:04:39]} Bxg2 {[%emt 0:00:55]} 19. Kxg2 {[%emt 0:00:06]} Ng5 {[%emt 0:09:47]} 20. h4 {[%emt 0:06:33]} Qd5+ {[%emt 0:00:15]} 21. Kh2 {[%emt 0:00:06]} Ne6 {[%emt 0:05:34]} 22. Nf3 {[%emt 0:00:58]} Rfd8 {[%emt 0:01:53]} 23. Qd2 {[%emt 0:05:07]} Qf5 {[%emt 0:04:36]} 24. Kg2 {[%emt 0:06:40]} d3 {[%emt 0:01:33]} 25. e3 {[%emt 0:00:04]} Qd5 {[%emt 0:05:15]} 26. Rfe1 {[%emt 0:03:19]} Nc5 {[%emt 0:00:23]} 27. Rc4 {[%emt 0:00:14]} Ne4 {[%emt 0:07:43]} 28. Qb2 d2 {[%emt 0:01:24]} 29. Rd1 {[%emt 0:00:03]} Qd3 {[%emt 0:00:08]} 30. Nd4 {[%emt 0:01:05]} Rac8 {[%emt 0:00:16]} 31. Nf5 {[%emt 0:00:13]} Nc3 {[%emt 0:05:10]} 32. Rxd2 {[%emt 0:00:21]} Qxf5 {[%emt 0:00:25]} 33. Qxc3 {[%emt 0:00:06]} h5 {[%emt 0:00:45]} 34. e4 {[%emt 0:02:16]} Qe6 {[%emt 0:01:04]} 35. Rd5 {[%emt 0:00:09]} Re8 {[%emt 0:02:21]} 36. Rxc8 {[%emt 0:00:28]} Rxc8 {[%emt 0:00:05]} 37. Qd4 {[%emt 0:00:13]} Re8 {[%emt 0:00:48]} 38. Rd8 {[%emt 0:02:02]} Rxd8 {[%emt 0:00:27]} 39. Qxd8+ {[%emt 0:00:05]} Kh7 {[%emt 0:00:06]} 40. Qd5 {[%emt 0:00:08]} Qxd5 {[%emt 0:06:29]} 41. exd5 {[%emt 0:00:05]} Kg6 {[%emt 0:00:12]} 42. f4 {[%emt 0:00:04]} 1-0

[Event "Open A"]
[Site "Dortmund, Germany"]
[Date "2024.08.10"]
[Round "1.16"]
[White "Kurt, Sascha"]
[Black "Kulon, Klaudia"]
[Result "1-0"]
[WhiteElo "2064"]
[BlackElo "2415"]
[PlyCount "81"]
[EventDate "2024.??.??"]

1. e4 {[%emt 0:00:05]} d5 {[%emt 0:00:31]} 2. exd5 {[%emt 0:00:05]} Qxd5 {[%emt 0:00:04]} 3. Nc3 {[%emt 0:00:07]} Qd8 {[%emt 0:00:05]} 4. d4 {[%emt 0:00:07]} Nf6 {[%emt 0:00:04]} 5. Nf3 {[%emt 0:00:12]} g6 {[%emt 0:00:06]} 6. Bc4 {[%emt 0:00:12]} Bg7 {[%emt 0:00:07]} 7. h3 {[%emt 0:00:04]} O-O {[%emt 0:00:07]} 8. O-O {[%emt 0:00:04]} Nc6 {[%emt 0:00:19]} 9. Bf4 {[%emt 0:00:21]} b6 {[%emt 0:00:47]} 10. Qd2 {[%emt 0:01:15]} Bb7 {[%emt 0:03:16]} 11. Rad1 {[%emt 0:03:25]} e6 {[%emt 0:00:53]} 12. Ne5 {[%emt 0:15:55]} Ne7 {[%emt 0:03:57]} 13. Bg5 {[%emt 0:07:09]} Nf5 {[%emt 0:06:35]} 14. Ng4 {[%emt 0:07:07]} h5 {[%emt 0:06:28]} 15. Nxf6+ {[%emt 0:03:07]} Bxf6 {[%emt 0:00:05]} 16. Bxf6 {[%emt 0:00:22]} Qxf6 {[%emt 0:00:03]} 17. Qf4 {[%emt 0:05:20]} Rad8 {[%emt 0:05:24]} 18. d5 {[%emt 0:06:46]} e5 {[%emt 0:06:11]} 19. Ne4 {[%emt 0:14:34]} exf4 {[%emt 0:12:17]} 20. Nxf6+ {[%emt 0:00:06]} Kg7 {[%emt 0:00:03]} 21. Ne4 {[%emt 0:00:14]} c6 {[%emt 0:00:06]} 22. dxc6 {[%emt 0:06:49]} Bxc6 {[%emt 0:00:05]} 23. Nc3 {[%emt 0:00:29]} Rfe8 {[%emt 0:00:34]} 24. Rxd8 {[%emt 0:00:58]} Rxd8 {[%emt 0:00:07]} 25. Rd1 {[%emt 0:00:03]} Rc8 {[%emt 0:08:55]} 26. Bd5 {[%emt 0:03:55]} g5 {[%emt 0:04:46]} 27. Ne4 {[%emt 0:05:06]} g4 {[%emt 0:01:40]} 28. hxg4 {[%emt 0:00:25]} hxg4 {[%emt 0:00:02]} 29. c4 {[%emt 0:01:32]} g3 {[%emt 0:02:31]} 30. b3 {[%emt 0:05:55]} b5 {[%emt 0:05:43]} 31. fxg3 {[%emt 0:04:19]} Ne3 {[%emt 0:04:25]} 32. Rd3 {[%emt 0:03:09]} Bxd5 {[%emt 0:06:08]} 33. cxd5 {[%emt 0:00:22]} f5 {[%emt 0:00:05]} 34. Nc3 {[%emt 0:03:07]} Ng4 {[%emt 0:04:53]} 35. d6 {[%emt 0:01:52]} b4 {[%emt 0:04:13]} 36. d7 {[%emt 0:00:22]} Rd8 {[%emt 0:00:03]} 37. Nb5 {[%emt 0:00:18]} fxg3 {[%emt 0:00:48]} 38. Nd4 {[%emt 0:01:02]} Ne5 {[%emt 0:02:27]} 39. Ne6+ {[%emt 0:00:08]} Kf6 {[%emt 0:00:03]} 40. Nxd8 {[%emt 0:00:06]} Nxd3 {[%emt 0:00:02]} 41. Nc6 {[%emt 0:00:07]} 1-0

[Event "Open A"]
[Site "Dortmund, Germany"]
[Date "2024.08.10"]
[Round "1.17"]
[White "Kuegel, Tobias"]
[Black "Mann, Gergely"]
[Result "1-0"]
[WhiteElo "2419"]
[BlackElo "2062"]
[PlyCount "55"]
[EventDate "2024.??.??"]

1. e4 {[%emt 0:00:11]} c6 {[%emt 0:00:30]} 2. Nc3 {[%emt 0:00:51]} d5 {[%emt 0:00:10]} 3. Nf3 {[%emt 0:00:08]} dxe4 {[%emt 0:00:52]} 4. Nxe4 {[%emt 0:00:07]} Nf6 {[%emt 0:00:05]} 5. Qe2 {[%emt 0:00:09]} Na6 {[%emt 0:02:07]} 6. a3 {[%emt 0:00:25]} Qd5 {[%emt 0:06:01]} 7. Nxf6+ {[%emt 0:10:02]} gxf6 {[%emt 0:00:29]} 8. g3 {[%emt 0:00:27]} Bf5 {[%emt 0:09:55]} 9. d3 {[%emt 0:00:47]} Nc7 {[%emt 0:15:17]} 10. Bg2 {[%emt 0:02:09]} Qd7 {[%emt 0:01:59]} 11. h3 {[%emt 0:14:12]} O-O-O {[%emt 0:11:49]} 12. Be3 {[%emt 0:23:59]} Kb8 {[%emt 0:06:52]} 13. Nd4 {[%emt 0:04:07]} Nd5 {[%emt 0:02:24]} 14. Nxf5 {[%emt 0:01:32]} Qxf5 {[%emt 0:00:06]} 15. Bd2 {[%emt 0:00:22]} e6 {[%emt 0:11:56]} 16. Be4 {[%emt 0:10:40]} Qe5 {[%emt 0:00:09]} 17. c4 {[%emt 0:00:16]} Nc7 {[%emt 0:02:34]} 18. Bc3 {[%emt 0:00:27]} Qg5 {[%emt 0:00:07]} 19. Qe3 {[%emt 0:01:39]} Qxe3+ {[%emt 0:02:09]} 20. fxe3 {[%emt 0:02:10]} Be7 {[%emt 0:10:47]} 21. Ke2 {[%emt 0:05:41]} h5 {[%emt 0:01:20]} 22. Raf1 {[%emt 0:02:45]} Rh6 {[%emt 0:00:19]} 23. g4 {[%emt 0:01:01]} Rg8 {[%emt 0:01:04]} 24. gxh5 {[%emt 0:03:27]} Ne8 {[%emt 0:06:24]} 25. Rhg1 {[%emt 0:02:29]} Rg5 {[%emt 0:00:15]} 26. Rxg5 {[%emt 0:00:20]} fxg5 {[%emt 0:00:58]} 27. Rxf7 {[%emt 0:01:15]} Bd6 {[%emt 0:00:23]} 28. Bg6 {[%emt 0:01:03]} 1-0

[Event "Open A"]
[Site "Dortmund, Germany"]
[Date "2024.08.10"]
[Round "1.18"]
[White "Pfaltz, Maximilian"]
[Black "Buksa, Nataliya"]
[Result "0-1"]
[WhiteElo "2061"]
[BlackElo "2396"]
[PlyCount "118"]
[EventDate "2024.??.??"]

1. e4 {[%emt 0:00:03]} e5 {[%emt 0:00:42]} 2. Nf3 {[%emt 0:00:05]} Nc6 {[%emt 0:00:03]} 3. Bc4 {[%emt 0:00:10]} Bc5 {[%emt 0:00:15]} 4. c3 {[%emt 0:00:05]} Nf6 {[%emt 0:00:27]} 5. d3 {[%emt 0:00:06]} d6 {[%emt 0:00:28]} 6. O-O {[%emt 0:00:10]} h6 {[%emt 0:00:09]} 7. a4 {[%emt 0:00:07]} a6 {[%emt 0:03:01]} 8. Nbd2 {[%emt 0:00:10]} O-O {[%emt 0:00:47]} 9. Re1 {[%emt 0:00:25]} Be6 {[%emt 0:00:57]} 10. Nf1 {[%emt 0:02:48]} Ba7 {[%emt 0:08:53]} 11. Ng3 {[%emt 0:02:17]} d5 {[%emt 0:06:52]} 12. exd5 {[%emt 0:06:36]} Bxd5 {[%emt 0:06:54]} 13. Bxd5 {[%emt 0:01:52]} Qxd5 {[%emt 0:00:44]} 14. Be3 {[%emt 0:05:22]} Bxe3 {[%emt 0:10:41]} 15. Rxe3 {[%emt 0:01:03]} Rad8 {[%emt 0:00:04]} 16. h3 {[%emt 0:02:50]} Qc5 {[%emt 0:02:56]} 17. Ne4 {[%emt 0:01:40]} Nxe4 {[%emt 0:05:51]} 18. Rxe4 {[%emt 0:00:03]} Rd5 {[%emt 0:02:24]} 19. Qc2 {[%emt 0:09:59]} Rfd8 {[%emt 0:00:58]} 20. Rd1 {[%emt 0:05:46]} f5 {[%emt 0:07:53]} 21. Ree1 {[%emt 0:03:44]} Kh7 {[%emt 0:01:50]} 22. Rd2 {[%emt 0:04:32]} e4 {[%emt 0:08:20]} 23. d4 Qb6 24. Nh2 Na5 25. Nf1 Qg6 26. Ne3 R5d7 27. b4 Nc6 28. Rde2 f4 29. Ng4 h5 30. b5 axb5 31. axb5 Nxd4 32. cxd4 hxg4 33. Qxe4 gxh3 34. Qxg6+ Kxg6 35. gxh3 Rxd4 36. Rc2 R8d7 37. Rec1 R4d5 38. Rxc7 Rxc7 39. Rxc7 Rxb5 40. Kg2 Rb3 41. Rc4 Kf5 42. Rc5+ Kf6 43. Rc4 g5 44. h4 Kg6 45. hxg5 Kxg5 46. Rc8 b5 47. Rg8+ Kf5 48. Rf8+ Ke5 49. Re8+ Kd4 50. f3 Rb4 51. Rf8 Kc5 52. Rf5+ Kb6 53. Kh3 Rc4 54. Kg4 b4 55. Rf8 Kb5 56. Rb8+ Ka4 57. Ra8+ Kb3 58. Kf5 Kc3 59. Ke5 b3 0-1

[Event "Open A"]
[Site "Dortmund, Germany"]
[Date "2024.08.10"]
[Round "1.19"]
[White "Weishaeutel, Moritz"]
[Black "Vollbehr, Bjarne"]
[Result "1-0"]
[WhiteElo "2400"]
[BlackElo "2019"]
[PlyCount "59"]
[EventDate "2024.??.??"]

1. e4 {[%emt 0:00:01]} e5 {[%emt 0:00:05]} 2. Nf3 {[%emt 0:00:11]} Nc6 {[%emt 0:00:06]} 3. Bc4 {[%emt 0:00:13]} Nf6 {[%emt 0:00:08]} 4. Ng5 {[%emt 0:00:57]} d5 {[%emt 0:00:06]} 5. exd5 {[%emt 0:00:03]} Na5 {[%emt 0:00:05]} 6. Bb5+ {[%emt 0:00:05]} c6 {[%emt 0:00:04]} 7. dxc6 {[%emt 0:00:05]} bxc6 {[%emt 0:00:05]} 8. Bd3 {[%emt 0:00:08]} Nd5 {[%emt 0:00:11]} 9. Nf3 {[%emt 0:00:06]} Bd6 {[%emt 0:00:08]} 10. O-O {[%emt 0:00:16]} O-O {[%emt 0:00:07]} 11. Re1 {[%emt 0:00:08]} f5 {[%emt 0:00:08]} 12. Nxe5 {[%emt 0:00:53]} Qf6 {[%emt 0:01:04]} 13. Nf3 {[%emt 0:00:09]} g5 {[%emt 0:00:05]} 14. c4 {[%emt 0:00:24]} Nf4 {[%emt 0:00:42]} 15. Bf1 {[%emt 0:00:05]} g4 {[%emt 0:03:07]} 16. d4 {[%emt 0:00:15]} gxf3 {[%emt 0:01:21]} 17. Qxf3 {[%emt 0:00:05]} Ne6 {[%emt 0:02:28]} 18. Qc3 {[%emt 0:01:15]} Nb7 {[%emt 0:06:37]} 19. c5 {[%emt 0:00:30]} Bc7 {[%emt 0:01:22]} 20. b4 {[%emt 0:00:52]} h5 {[%emt 0:18:45]} 21. Bb2 {[%emt 0:07:16]} Nf4 {[%emt 0:08:06]} 22. Qf3 {[%emt 0:07:08]} Nd8 {[%emt 0:23:58]} 23. Nc3 {[%emt 0:20:02]} Qf7 {[%emt 0:07:16]} 24. d5 {[%emt 0:11:05]} cxd5 {[%emt 0:07:16]} 25. Nb5 {[%emt 0:05:53]} Bb8 {[%emt 0:03:44]} 26. g3 {[%emt 0:10:34]} Nfe6 {[%emt 0:01:19]} 27. Qxd5 {[%emt 0:01:16]} Bb7 {[%emt 0:00:40]} 28. Qd2 {[%emt 0:00:02]} f4 {[%emt 0:05:03]} 29. Qc3 {[%emt 0:00:42]} Ng7 {[%emt 0:00:26]} 30. Bc4 {[%emt 0:01:20]} 1-0